Observar el cielo

Saved in:
Bibliographic Details
Main Author: Levy, David H (Author)
Format: Book
Language:Spanish
Published: Barcelona Planeta 2008
Subjects:
Tags: Add Tag
No Tags, Be the first to tag this record!

MARC

LEADER 00000cam a2200000 a 4500
001 UCF1711
003 CL-VaPUC
008 120723e20080000SP |||||||||||||||||spa|d
020 |a 9788408078913 
082 0 4 |a 520  |b LEV  |2 21 
100 |a Levy, David H  |e author  |9 563198 
245 1 0 |a Observar el cielo 
300 |a 288 p 
942 |c BK 
945 |d 20120723 00:00:00  |a dcastane 
260 |a Barcelona  |b Planeta  |c 2008 
650 0 |a Astronomía  |9 260985 
650 7 |a SISTEMA SOLAR  |2 CL-VaPUC  |9 268650 
650 0 |a Universo  |9 266563 
650 7 |a ESTRELLAS  |2 CL-VaPUC  |9 310511 
650 0 |a Galaxias  |9 322985 
583 |a last modification  |c 20120723 10:17:00  |k Rodrigo Vera 
999 |c 348399  |d 348397 
952 |0 0  |1 0  |4 0  |6 520_000000000000000_LEV_2008  |7 0  |8 A  |9 450389  |a BIBING  |b BIBING  |d 2019-11-22  |i 487546K  |o 520 LEV 2008  |p 487546K  |r 2025-01-20  |w 2019-11-22  |y BK  |k CUI